00526nam a2200181 a 45000010010000000030011000100080041000210350026000620820014000881000024001022450027001262600042001536500012001959420012002079520090002199980020003099990015003290000-8987ELIB.Books110520 1991  a(ELIB.Books)0000-9136 a266 bSma aSmalley, William A. aTranslation as Mission bMacon: Mercer University Press c1991 aMission 2ddccBK 00102ddc4070aKBTSbKBTSd2011-05-20l0p1676r2022-01-22 00:00:00w2022-01-22yBK cbate2011-05-20 c8987d8987